000 00542nam a2200145Ia 4500
008 151213s9999 xx 000 0 und d
100 _aআবু তাহের মজুমদারা
245 _aবৈধ বিলাস
_cআবু তাহের মজুমদারা
260 _aঢাকা।
_bঅঙ্কুর প্রকাশনী।
_c2007
300 _a8693 p.
650 _aBangla
650 _aকবিতা গ্রন্থ।
700 _aআবু তাহের মজুমদারা
999 _c4479
_d4479